00413nam a2200121Ia 4500008004100000024004800041082001800089100005600107245004300163260002600206600002100232650003800253260210s9999 xx 000 0 und d a15B-051-BS, 15B-003-BS & 15B-058-BS a004.39072 AHM aAhmed Abdullah, Muhammad Osama & Syed Ali Hamza 0aHome Automation with Power Consumption aKarachi:bUITU,c2015 aComputer Science aBachelor of Computer Science (BS)